000 00325nam a22001457a 4500
003 SGT
082 _a615.53
_bS12S
100 _aSHARMA, SHREE RAM
245 _aSADHANA SE SIDHI-1,2
260 _aMATHURA
_bAKHAND JYOTI SANSTHAN
_c2012
300 _a288
650 _aAYURVEDA
653 _aSADHANA , SIDHI
942 _2ddc
_cBK
999 _c32277
_d32277